Quizzes
Events
Quiz Creation
Community
Videos
Private Events
Remove Ads
Sign In
Join for FREE
Feedback
Dark Mode
Quiz Categories
Sports
Geography
Music
Movies
Television
Just For Fun
Miscellaneous
History
Literature
Language
Science
Gaming
Entertainment
Religion
Holiday
For Kids
Quiz Lab
Recent
Popular Today
Quiz Kudos Today
Editor Picks
Curator Picks
Quizzes by...
Day
Popularity
Type
Ratings
Length
Year
Community
Subscriptions
Recent Discussions
Orange Saloon
Badges
Playlists
Quests
Create
Leaderboards
Showdown
Live 5
Trivia Bingo
Activity
Puzzle Library
Sporcle Events
Private Events
Virtual Trivia
Globe League
Become a Host
Pub Owners
SporcleCon
Opinionation
Our Games
Videos
Blog
Mobile Apps
Partnerships
Remove Ads and Go Orange
Feedback
Sports
Athletes
MLB
NBA
NHL
NFL
Soccer
Sports Teams
WWE
NCAA
Football
Premier League
Basketball
Baseball
Hockey
Golf
Tennis
Cricket
Rugby
Auto Racing
Olympics
World Cup
Sports
Athletes
MLB
NBA
NHL
NFL
Soccer
Sports Teams
WWE
NCAA
Football
Premier League
Basketball
Baseball
Hockey
Golf
Tennis
Cricket
Rugby
Auto Racing
Olympics
World Cup
Random Quiz
Search Sporcle
×
Quiz Lab
Quiz Lab
Sports
WWE
Type in answers that appear in a list
Type in answers that appear in a list
Classic
Best Score? Go Orange.
WWE's Top 50 Villains Stats
Can you name the wrestlers included on WWE.com's list of the 'Top 50 villains (heels) in Wrestling History'?
By
nscox
8m
50 Questions
7,685 Plays
7,685 Plays
7,685 Plays
Comments
Comments
Give Quiz Kudos
Give Quiz Kudos
-
- Ratings
hide this ad
More Info
Replay
Link that replays current quiz
Next Quiz
Link to next quiz in quiz playlist
You Got
0%
They Got
Avg Score
46%
Avg Friend Score
Upgrade to see
Score Distribution
Jump to the score distribution portion of the page
Score
0/50
Timer
08:00
1
Play Today
Rank
Wrestler
% Correct
6
Triple H
91.6%
41
Kane
87.9%
22
The Undertaker
87.6%
2
Ric Flair & The Four Horsemen
83.5%
32
Randy Orton
80.5%
3
Mr. McMahon
79.2%
5
Hollywood Hogan
77.3%
20
Edge
73.6%
1
Roddy Piper
70.3%
49
Randy Savage
70.2%
45
Andre the Giant
68.3%
4
Ted DiBiase, Sr.
66.1%
15
Chris Jericho
64.7%
50
Batista
60.5%
42
Brock Lesnar
60.2%
46
The Iron Sheik
59.8%
38
CM Punk
57.4%
43
Eddie Guerrero
56.7%
48
Vickie Guerrero
54.6%
12
John Bradshaw Layfield
52.4%
8
Bobby Heenan
52.2%
23
Sgt. Slaughter
50.6%
11
Rick Rude
50.2%
10
Jake Roberts
49.5%
17
Mr. Perfect
46.5%
Rank
Wrestler
% Correct
14
The Sheik
45.5%
25
Vader
43.9%
35
Paul Heyman
41%
30
Jerry Lawler
40.6%
39
The Dudley Boyz
39.1%
7
Billy Graham
36.1%
27
Paul Orndorff
36.1%
36
Ivan Koloff
33.5%
47
Mark Henry
33.2%
16
Sensational Sherri
30.9%
24
Harley Race
30.2%
33
Terry Funk
29.5%
44
Eric Bischoff
27.5%
29
Raven
24.2%
21
Freddie Blassie
24%
13
The Fabulous Freebirds
22.7%
40
Don Muraco
22.5%
28
The Fabulous Moolah
20.3%
9
Gorgeous George
19.4%
19
Jim Cornette
19.3%
34
Abdullah the Butcher
16.6%
18
Killer Kowalski
16.5%
26
Nick Bockwinkel
15.2%
31
Kevin Sullivan
14%
37
Ernie Ladd
8.9%
Quiz Playlist
Details
Report
Send in Message
Add To Playlist
More Info:
The list covers more than WWF/E history; some of those included have never wrestled in the WWF/E. The list also includes women.
Classic:
Type in answers that appear in a list
Quiz Source
Last Updated: Aug 5, 2017
Quiz Scoreboard
CHALLENGE
Sign Up to Join the Scoreboard
Show All
Scores
Hide
Comments
May contain spoilers
Recently Published
Billboard Blitz: Fleetwood Mac
by CooCooCachoo
Music
15s
Presidents Visiting Landmarks
by Hejman
History
7m
An Introduction to Baseball
by treessimontrees
Sports
5m
More to Explore
Quiz From the Vault
Featured Blog Post
Where Did the Easter Bunny Come From?
hide this ad
You Might Also Like...
Tags
WWE Quiz
AWA
ECW
NWA
Top 50
Villains
WCW
Wrestlers
Wrestling
WWF
Today's Top Quizzes in Sports
Browse Sports
hide this ad
Today's Top Quizzes in WWE
Browse WWE
Top Contributed Quizzes in Sports
1
Les meilleurs buteurs des matchs entre le PSG et l’OM
2
2022 World Cup Stars
3
FIFA Club World Cup Champions
4
Les entraîneurs de l'OM et du PSG au 21e siècle
5
Criteria MLB: Left Handed Sluggers
6
Name the Premier League winners with different clubs
7
5-to-1: UK Sports Teams
8
AFC Teams Reveal (Wrong Answers Minefield)
9
Players with Multiple 50 Home Run Seasons
10
5-to-1: FBS Animal Nicknames
Explore More
Trending Topics
Marvel
Crossword
Anime
Disney
NBA
Kpop
Harry Potter
Country
NFL
Puzzle
Soccer
WWE
The Office
Pokémon
Song
hide this ad
More By:
nscox
Quiz
Plays
Rating
Category
Featured
Created
2012 Summer Olympics Minefield
527,200
4.14
Sports
Jul 11, 2012
NHL Teams (Redux)
280,060
4.17
Sports
Mar 31, 2012
WWE 'Money in the Bank' Match Participants
246,711
4.23
Sports
Jun 27, 2011
Every WrestleMania Match 1-31!
239,991
4.57
Sports
Mar 4, 2012
Famous Wrestlers by Picture
236,436
4.21
Sports
Sep 13, 2012
Go to Creator's Profile
Score Distribution
Quiz Creator Spotlight
nscox
Follow
Send a Message
Quizzes Created
-
Created Quiz Play Count
-
More By This Creator
Popular Quizzes Today
1
Find the US States - No Outlines Minefield
2
Find the Countries of Europe - No Outlines Minefield
3
The Countries of the World
4
Find the US States
5
US States
6
Popular People in 1961
7
Risky Map Clicking: Biggest States A-Z
8
Movies - When Are They Set?
More Sports Quizzes
NHL Top 10 MVP Voting since 2000
Quiz Lab
Trending Quizzes
Risky Map Clicking: Least Populous States A-Z
1-10 Letter G Words
1-10 Letter F Words
Risky Map Clicking: Next State Alphabetically
Risky Map Clicking: Biggest States A-Z
Recently Updated
Leaping Animals
pecheneg
Reality TV Shows (A-Z)
bhenderson79
Rickey Henderson's Hall of Fame Teammates
pecheneg
Champions League XIs: Arsenal
pecheneg
Quick Pick: Celebrities in WWE's Hall of Fame
aduchscher
A-Z Keypad Blitz II
pecheneg
Multiple Oscar Actors
pecheneg
Mystery Phrase Blitz: Oscar 'Best Actors'
pecheneg
F. Scott Fitzgerald Novels
LTH
Pick 3 Villains
ddd62291
Trending Topics
Anime
NBA
Disney
Harry Potter
Marvel
Crossword
Kpop
The Office
Song
Pokémon
Country
WWE
Puzzle
NFL
Soccer
Your Account Isn't Verified!
In order to create a playlist on Sporcle, you need to verify the email address you used during registration. Go to your
Sporcle Settings
to finish the process.
Report this User
Report this user for behavior that violates our
Community Guidelines
.
Details:
Send Report
Go to the Sporcle.com Mobile Site →
Comments